| 000 -LEADER |
| fixed length control field |
00785nam a22001577a 4500 |
| 003 - CONTROL NUMBER IDENTIFIER |
| control field |
OSt |
| 005 - DATE AND TIME OF LATEST TRANSACTION |
| control field |
20151006153615.0 |
| 008 - FIXED-LENGTH DATA ELEMENTS--GENERAL INFORMATION |
| fixed length control field |
151006b xxu||||| |||| 00| 0 eng d |
| 040 ## - CATALOGING SOURCE |
| Transcribing agency |
RUA |
| 082 ## - DEWEY DECIMAL CLASSIFICATION NUMBER |
| Classification number |
AVM MEY 2000 B072 Or.1 |
| 100 ## - MAIN ENTRY--PERSONAL NAME |
| 9 (RLIN) |
2194 |
| Personal name |
MEY, SITHIN. |
| 245 ## - TITLE STATEMENT |
| Title |
Household buffalo raising for draught power and reproduction in Kampong Ro district , Svay Rieng province, ការចិញ្ចឹមក្របីជាលក្ខណៈគ្រួសារ ដើម្បីជាកំលាំងអូសទាញ និងសំរាប់បន្សាយពូជនៅក្នុងស្រុក កំពង់រោទិ៏ ខេត្តស្វាយរៀង |
| 260 ## - PUBLICATION, DISTRIBUTION, ETC. (IMPRINT) |
| Place of publication, distribution, etc. |
Phnom Penh |
| Name of publisher, distributor, etc. |
RUA |
| Date of publication, distribution, etc. |
2000 |
| 300 ## - PHYSICAL DESCRIPTION |
| Extent |
viii; 59p. |
| Other physical details |
ill. |
| Dimensions |
29cm. |
| 942 ## - ADDED ENTRY ELEMENTS (KOHA) |
| Source of classification or shelving scheme |
|
| Koha item type |
AVM |